00681nam a2200229Ia 4500003000900000005001700009008004100026020001600067040003400083100002800117245002800145250001100173260003900184300002600223546001400249653002600263653002300289929004600312942001100358999001300369952006900382AR-BeUNQ20240429135759.0221202s9999 xx 000 0 und d a95088748188 aAR-BeUNQbspaeaacrcAR-BeUNQ aCastellari Cura, Carlos 0aMensajes a los sentidos a1a ed. aBuenos AiresbArgenta Sarlepc2014 a160 p. ; c20 x 14 cm aEspañol aLiteratura argentina. aPoseía Argentina bMENe2019aDONACIONfPAT0081609d0j60198 cLIBn0 c671d671 0010d2022-12-02l0o863 CASp60198r2022-12-02w2022-12-02yLIB